000 01067nam a22002057a 4500
003 OSt
005 20170921090743.0
008 150407b xxu||||| |||| 00| 0 eng d
040 _cCRI
082 _a372.7
100 _941857
_aFlores Flores, Raúl Antonio
245 1 0 _aTaller didáctico: Implementación de metolologías lúdicas para la enseñanza de matemática con los docentes de primer y segundo ciclo de educación básica del Centro Escolar Cantón las Delicias, San Miguel
_b: Proyecto
_cRaúl Antonio Flores Flores, René Oswaldo Morejón Hernández
260 _aIlobasco (Cabañas)
_bUniversidad Católica de El Salvador
_c2016
300 _a71 p.
_bil.
_c28 cm
_e+ 1 disco compacto
502 _aTrabajo de graduación para optar al grado académico de Licenciado en Ciencias de la Educación con Especialidad en Matemática.
650 0 _97302
_aMatemáticas
_xDidáctica
700 _941858
_aMorejón Hernández, René Oswaldo
710 _940915
_aUniversidad Católica de El Salvador
_bCentro Regional de Ilobasco
942 _2ddc
_cTG
_hprozim
999 _c28410
_d28410